000 01952nam a2200397 i 4500
001 2021946463
003 DLC
005 20251030092849.0
008 210902s2021 nyua j b6 000 0beng
010 _a 2021946463
020 _a9780593224410
_q(hc)
020 _a9780593224403
_q(pbk)
035 _a(OCoLC)1325729526
040 _aDLC
_beng
_erda
_cDLC
_dDLC
042 _apcc
043 _ae-fr---
050 0 0 _aDC103.5
_b.S43 2021
082 0 0 _a944/.026092
_aB
_223/eng/20220711
100 1 _aSearle, Sarah Winifred,
_eauthor.
_96443561
245 1 0 _aWho was the girl warrior of France? :
_bJoan of Arc /
_cby Sarah Winifred Searle ; illustrated by Maria Capelle Frantz.
246 3 0 _aJoan of Arc
264 1 _aNew York :
_bPenguin Workshop,
_c[2021]
300 _a63 pages :
_bcolor illustrations ;
_c21 cm.
336 _atext
336 _astill image
337 _aunmediated
338 _avolume
490 0 _aWho HQ graphic novels
504 _aIncludes bibliographical references (page 63).
520 _a"Follow Joan of Arc on her journey to convince the Dauphin to let her lead the French army in the Battle of Orleans and win the Hundred Years' War. A story of faith, courage, and determination, this graphic novel invites readers to immerse themselves in the life of the teenage French heroine--brought to life by gripping narrative and vivid full-color illustrations that jump off the page"--
_cProvided by publisher.
521 _aAges 8-12
_bPenguin Workshop
600 1 0 _aJoan,
_cof Arc, Saint,
_d1412-1431
_vJuvenile literature
_vComic books, strips, etc.
_96554611
651 0 _aFrance
_xHistory
_yCharles VII, 1422-1461
_vJuvenile literature
_vComic books, strips, etc.
_96554612
650 0 _aChristian saints
_zFrance
_vBiography
_vJuvenile literature
_vComic books, strips, etc.
_96554613
700 1 _aFrantz, Maria Capelle,
_d1996-
_eillustrator.
_96454134
999 _c413045
_d413045